La crítica de Hayek a la crítica racionalista de la moral de mercado (Registro nro. 32283)

Detalles MARC
000 -LEADER
fixed length control field 00396 a2200109 4500
001 - CONTROL NUMBER
control field ART_39583
005 - DATE AND TIME OF LATEST TRANSACTION
control field 20260410162012.0
008 - FIXED-LENGTH DATA ELEMENTS--GENERAL INFORMATION
fixed length control field 260409a
100 1# - MAIN ENTRY--PERSONAL NAME
Personal name Marqués, Gustavo L.
245 10 - TITLE STATEMENT
Title La crítica de Hayek a la crítica racionalista de la moral de mercado
773 0# - HOST ITEM ENTRY
Title Documentos del CIECE
Related parts Ensayos sobre racionalidad en economía - Nº 4 (ene./jun. 2008)
Record control number REV39541

No hay ítems disponibles.